People Who Died Young #2 - Statistics

General Stats
  • This quiz has been taken 30,991 times
    24,591 since last reset
  • The average score is 11 of 20
Answer Stats
Age Time and Place How Person % Correct
36 1997, Paris Car accident Princess Diana
95%
42 1977, Memphis Heart attack Elvis Presley
85%
19 1431, Rouen Burned at the stake Joan of Arc
81%
37 1793, Paris Guillotine Marie Antoinette
75%
44 2006, Queensland Stingray attack Steve Irwin
67%
39 1937, Pacific Ocean Probable plane crash Amelia Earhart
64%
≈ 18 1323 BC, Egypt Malaria and possible genetic defects Tutankhamun
64%
23 1934, Louisiana Machine gunned by police while in car Bonnie Parker
52%
25 1934, Louisiana Machine gunned by police while in car Clyde Barrow
52%
38 1999, near Martha's Vineyard Plane crash John F. Kennedy, Jr.
52%
36 1876, Little Bighorn Shot in battle George Armstrong Custer
50%
≈ 35 1536, London Beheaded Anne Boleyn
49%
28 1993, Wilmington Prop gun malfunction Brandon Lee
41%
27 1971, Paris Possible heroin overdose Jim Morrison
41%
28 2008, New York Painkiller overdose Heath Ledger
34%
34 1882, Missouri Shot in the back by Robert Ford Jesse James
33%
35 1606, London Jumped from scaffold Guy Fawkes
32%
32 1983, near Los Angeles Complications due to anorexia Karen Carpenter
31%
23 1993, Los Angeles Cocaine and morphine overdose River Phoenix
30%
32 1485, Bosworth Field Halberd to the head Richard III
28%
No matching quizzes found
Score Distribution
Percent of People with Each Score
Percentile by Number Answered
Your Score History
You have not taken this quiz since the last reset